[Event "Karelian op 10th"]
[Site "Petrozavodsk"]
[Date "2010.10.10"]
[Round "4"]
[White "Sharshutin, Sergey"]
[Black "Dmitriev, Andrey V"]
[Result "1-0"]
[WhiteElo "2013"]
[BlackElo "1958"]
[PlyCount "49"]
[EventDate "2010.10.01"]
[EventType "swiss"]
[EventRounds "9"]
[EventCountry "RUS"]
[SourceTitle "EXT 2022"]
[Source "ChessBase"]
[SourceDate "2021.10.06"]
[SourceVersion "1"]
[SourceVersionDate "2021.10.06"]
[SourceQuality "1"]

1. e4 e5 2. Nf3 Nc6 3. Nc3 Nf6 4. g3 d5 5. exd5 Nxd5 6. Bg2 Nxc3 7. bxc3 Bd6 8. 0-0 0-0 9. h3 h6 10. d3 Bf5 11. Nd2 Re8 12. Ne4 Bf8 13. Be3 Na5 14. Qf3 Bd7 15. Bxh6 f5 16. Ng5 e4 17. Qh5 Qf6 18. Bxg7 Bxg7 19. h4 Re7 20. dxe4 Qh6 21. Qd1 Bxc3 22. Rb1 Rae8 23. exf5 Bxf5 24. Rb5 Rd7 25. Qf3 1-0

[Event "Karelian Autumn op-B"]
[Site "Petrozavodsk"]
[Date "2009.10.15"]
[Round "7"]
[White "Simkin, Alexander"]
[Black "Sharshutin, Sergey"]
[Result "1/2-1/2"]
[WhiteElo "1922"]
[BlackElo "2015"]
[PlyCount "122"]
[EventDate "2009.10.10"]
[EventType "swiss"]
[EventRounds "9"]
[EventCountry "RUS"]
[SourceTitle "EXT 2022"]
[Source "ChessBase"]
[SourceDate "2021.10.06"]
[SourceVersion "1"]
[SourceVersionDate "2021.10.06"]
[SourceQuality "1"]

1. e4 d6 2. d4 Nf6 3. Nc3 g6 4. f3 Bg7 5. Be3 0-0 6. Qd2 e5 7. 0-0-0 Nbd7 8. g4 c6 9. h4 h5 10. gxh5 Nxh5 11. Nge2 Qe7 12. Bh3 Nb6 13. Qd3 Be6 14. d5 cxd5 15. exd5 Bxh3 16. Rxh3 Nd7 17. Bg5 Bf6 18. Ne4 Kg7 19. Rg1 Bxg5+ 20. Nxg5 Rac8 21. Ne6+ Kh7 22. Nxf8+ Qxf8 23. Rg5 Qh6 24. Qd2 Rc5 25. b4 Rc7 26. Rg4 Qg7 27. c3 Nb6 28. Qd3 f5 29. Rg1 e4 30. fxe4 fxe4 31. Qxe4 Re7 32. Qd3 Nxd5 33. Rf3 Nxb4 34. cxb4 Rxe2 35. Qxe2 Qa1+ 36. Kd2 Qxg1 37. Rf7+ Ng7 38. Qf2 Qxf2+ 39. Rxf2 Nf5 40. h5 Kh6 41. hxg6 Kxg6 42. Kd3 Ne7 43. a3 a6 44. Kd4 Kg7 45. Rc2 Kf6 46. Rc7 b5 47. Rb7 Ke6 48. Rb6 Nf5+ 49. Ke4 Ng3+ 50. Kd4 Nf5+ 51. Kc3 Ke5 52. Rxa6 d5 53. Rc6 Nd6 54. Kd3 Nc4 55. Ra6 Nb2+ 56. Kc3 Nc4 57. Ra8 Ke4 58. Re8+ Ne5 59. Rb8 d4+ 60. Kc2 Nc4 61. Re8+ Ne5 1/2-1/2

[Event "Karelian Autumn op-B"]
[Site "Petrozavodsk"]
[Date "2009.10.14"]
[Round "6"]
[White "Sharshutin, Sergey"]
[Black "Makarov, Pavel"]
[Result "0-1"]
[WhiteElo "2015"]
[BlackElo "1966"]
[PlyCount "130"]
[EventDate "2009.10.10"]
[EventType "swiss"]
[EventRounds "9"]
[EventCountry "RUS"]
[SourceTitle "EXT 2022"]
[Source "ChessBase"]
[SourceDate "2021.10.06"]
[SourceVersion "1"]
[SourceVersionDate "2021.10.06"]
[SourceQuality "1"]

1. e4 d6 2. d4 Nf6 3. Nc3 e5 4. Nf3 Nbd7 5. g3 Be7 6. Bg2 c6 7. a4 0-0 8. 0-0 b6 9. h3 Bb7 10. Be3 a6 11. Kh2 Re8 12. Nd2 b5 13. axb5 axb5 14. d5 cxd5 15. Nxd5 Nxd5 16. exd5 Nf6 17. Rxa8 Qxa8 18. c4 bxc4 19. Nxc4 Qa2 20. Qd3 Ba6 21. b3 Rb8 22. Rc1 Rxb3 23. Qd1 Bxc4 24. Rxc4 Bf8 25. Rc8 Ra3 26. Kg1 Ra8 27. Rxa8 Qxa8 28. Bg5 Nd7 29. Qg4 Nb6 30. Kh2 Qa2 31. Qf3 Qc4 32. g4 Qc7 33. Be3 Be7 34. Qf5 h6 35. Be4 g6 36. Qf3 Bf8 37. Qe2 Nd7 38. Qd2 Kh7 39. g5 Nc5 40. Qc2 Qd8 41. Bxc5 dxc5 42. h4 hxg5 43. h5 Qf6 44. hxg6+ fxg6 45. Qe2 Qf4+ 46. Kg2 g4 47. Bd3 Kh6 48. Qe4 Qxe4+ 49. Bxe4 c4 50. Kg3 Kg5 51. f3 gxf3 52. Kxf3 Kf6 53. Kg4 Be7 54. Bc2 g5 55. Be4 c3 56. Bc2 Ba3 57. Be4 Bc1 58. Bc2 Ke7 59. Kf5 Kd6 60. Be4 Bf4 61. Kg4 Kc5 62. Kf5 Be3 63. Kxe5 g4 64. d6 g3 65. d7 Bg5 0-1

[Event "Karelia-ch 62nd"]
[Site "Petrozavodsk"]
[Date "2009.02.25"]
[Round "7"]
[White "Cherepova, Barbara"]
[Black "Sharshutin, Sergey"]
[Result "1/2-1/2"]
[WhiteElo "1987"]
[BlackElo "2026"]
[PlyCount "78"]
[EventDate "2009.02.21"]
[EventType "swiss"]
[EventRounds "9"]
[EventCountry "RUS"]
[SourceTitle "CBM 129 Extra"]
[Source "ChessBase"]
[SourceDate "2009.05.05"]
[SourceVersion "2"]
[SourceVersionDate "2009.05.20"]
[SourceQuality "1"]

1. d4 Nf6 2. Nf3 g6 3. c4 Bg7 4. Nc3 0-0 5. e4 d6 6. h3 c6 7. Be2 Nbd7 8. Be3 e5 9. 0-0 Qe7 10. d5 Nc5 11. Qc2 a5 12. Rfd1 Rd8 13. dxc6 bxc6 14. Bxc5 dxc5 15. Rxd8+ Qxd8 16. Nxe5 Qe7 17. Nf3 Bd7 18. Rd1 h6 19. Na4 Be6 20. Nd2 Nd7 21. Nb3 Qg5 22. Bg4 Bxg4 23. hxg4 Qxg4 24. f3 Qe6 25. Nbxc5 Nxc5 26. Nxc5 Qe5 27. Nd3 Qd4+ 28. Kf1 a4 29. b3 axb3 30. axb3 h5 31. Nf2 Qe3 32. Re1 Qf4 33. Nd3 Qh2 34. e5 h4 35. Qf2 Ra3 36. Qg1 Qg3 37. Qf2 Qh2 38. Qg1 Qg3 39. Qf2 Qh2 1/2-1/2

[Event "Petrozavodsk A2"]
[Site "Petrozavodsk"]
[Date "2008.10.17"]
[Round "10"]
[White "Romanko, Alexandr"]
[Black "Sharshutin, Sergey"]
[Result "0-1"]
[WhiteElo "2185"]
[BlackElo "2185"]
[PlyCount "36"]
[EventDate "2008.10.08"]
[EventType "tourn"]
[EventRounds "11"]
[EventCountry "RUS"]
[SourceTitle "EXT 2011"]
[Source "ChessBase"]
[SourceDate "2010.11.26"]
[SourceVersion "1"]
[SourceVersionDate "2010.11.26"]
[SourceQuality "1"]

1. e4 c5 2. Nf3 d6 3. d4 cxd4 4. Nxd4 Nf6 5. Nc3 a6 6. f3 e5 7. Nb3 Be6 8. Be3 Be7 9. Qd2 Nbd7 10. g4 h6 11. 0-0-0 b5 12. Nd5 Bxd5 13. exd5 Nb6 14. Bxb6 Qxb6 15. Na5 Nxg4 16. Qg2 Bg5+ 17. f4 Ne3 18. Qg1 Bxf4 0-1